Bezpečnosť práce - požiadavky na pracovisko
Povinnosti zamestnávateľa na zabezpečenie bezpečnosti a ochrany zdravia zamestnancov pri práci (BOZP). Elektrická inštalácia. Únikové cesty a východy. Zisťovanie a hasenie požiaru. Teplota a osvetlenie na pracovisku. Oddychové miestnosti. Vonkajšie pracoviská. Zabezpečenie pitnej vody na pracovisku.
Uložené v:
| Hlavný autor: | |
|---|---|
| Médium: | Kapitola |
| Jazyk: | Slovak |
| Predmet: | |
| Tagy: |
Žiadne tagy, Buďte prvý, kto otaguje tento záznam!
|
MARC
| LEADER | 00000naa$a2200000$$$4500 | ||
|---|---|---|---|
| 001 | 0103033 | ||
| 005 | 20231120114049.8 | ||
| 041 | 0 | |a slo | |
| 044 | |a SK | ||
| 245 | 1 | 0 | |a Bezpečnosť práce - požiadavky na pracovisko |c Miroslav Tichý |
| 520 | |a Povinnosti zamestnávateľa na zabezpečenie bezpečnosti a ochrany zdravia zamestnancov pri práci (BOZP). Elektrická inštalácia. Únikové cesty a východy. Zisťovanie a hasenie požiaru. Teplota a osvetlenie na pracovisku. Oddychové miestnosti. Vonkajšie pracoviská. Zabezpečenie pitnej vody na pracovisku. | ||
| 610 | 2 | 0 | |a bezpečnosť práce |
| 610 | 2 | 0 | |a ochrana zdravia |
| 610 | 2 | 0 | |a ochrana pracovníkov |
| 610 | 2 | 0 | |a pracovisko |
| 100 | 1 | |a Tichý, Miroslav | |